Oscar de la meilleure actrice (1991-2025) - Statistiques

Statistiques générales
  • Ce quiz a été pris 48 fois
  • Le résultat moyen est 19 sur 31
Statistiques - réponses
Par images Réponse % Correct
Julia Roberts
98%
Natalie Portman
90%
Marion Cotillard
88%
Kate Winslet
85%
Emma Stone
83%
Jodie Foster
80%
Nicole Kidman
80%
Jennifer Lawrence
78%
Meryl Streep
76%
Cate Blanchett
73%
Sandra Bullock
73%
Jessica Chastain
71%
Gwyneth Paltrow
68%
Julianne Moore
68%
Charlize Theron
66%
Halle Berry
66%
Michelle Yeoh
59%
Olivia Colman
51%
Renée Zellweger
51%
Susan Sarandon
51%
Emma Thompson
49%
Brie Larson
46%
Frances McDormand
46%
Hilary Swank
46%
Reese Witherspoon
46%
Helen Mirren
44%
Kathy Bates
41%
Mikey Madison
39%
Helen Hunt
29%
Jessica Lange
29%
Holly Hunter
20%
Aucun quiz correspondant
Distribution des résultats
% des personnes avec chaque résultat
Percentile par nombre de réponses
Votre historique - résultats
Vous n’avez pas pris ce quiz